Betclic 3. Liga - grupa I 2025/26 - Statystyki

Ogólne statystyki
  • Ten quiz został rozwiązany 43 razy
  • Średni wynik to 11 z 18
Statystyki odpowiedzi
Drużyna % Poprawnych
Legia II Warszawa
91%
ŁKS Łomża
77%
Widzew II Łódź
71%
Jagiellonia II Białystok
69%
Olimpia Elbląg
63%
Warta Sieradz
63%
Wigry Suwałki
63%
Wisła II Płock
60%
Broń Radom
57%
GKS Bełchatów
57%
Lechia Tomaszów Mazowiecki
57%
Świt Nowy Dwór Mazowiecki
51%
Ząbkovia Ząbki
51%
GKS Wikielec
49%
KS CK Troszyn
49%
Mławianka Mława
49%
Znicz Biała Piska
49%
KS Wasilków
43%
Nie znaleziono quizów pasujących do podanych kryteriów
Rozkład punktacji
Procent ludzi z każdym wynikiem
Percentyl według liczby udzielonych odpowiedzi
Twoja historia wyników
Nie rozwiązałeś tego quizu